Estatísticas para Cultura Geral

Clique aqui para jogar o quiz

Estatísticas Gerais

  • Esse quiz foi jogado 25 vezes
  • A pontuação média é 8 de 15

Estatísticas das Respostas

HintResposta% Correto
Que cidade foi dividida por um muro até 1989?Berlim
92%
Qual lenda da Fórmula 1 ficou paralisada em um acidente de esqui em 2013?Michael Schumacher
83%
Que peça de xadrez começa com a letra T?Torre
83%
Que elemento radioactivo começa com a letra U?Urânio
79%
Que traficante colombiano se tornou uma das pessoas mais ricas do mundo?Pablo Escobar
75%
Quem marcou "O Golo do Século" na Copa do Mundo de 1986?Diego Maradona
67%
A que país pertence o queijo Bördespeck?Alemanha
54%
Com quem Diana Spencer se casou?Príncipe Charles
54%
Que músico famoso foi assassinado em Nova York logo após o lançamento de seu último álbum "Double Fantasy"?John Lennon
50%
A guerra civil de qual país foi retratada na pintura "Guernica" de Picasso?Espanha
46%
Em que país nasceu Ljubomir Stanisic?Bósnia e Herzegovina
33%
Para que país foram "transportados" 165.000 condenados britânicos?Austrália
25%
A que país pertence o Queijo Sardo?Argentina
21%
Onde as uvas são cultivadas?Vinhedo
13%
A que país pertence o queijo Bokmakiri?África do Sul
8%

Distribuição das Pontuações

Percentil de Números Respondidos

Porcentagem de Pessoas com Cada Pontuação

Sua Pontuação Histórica

Você não jogou esse quiz